000 01012nam0a22002531i 4500
001 rc\3430719
005 20240726072943.0
021 _aRU
_b[71-4281а]
035 _a(NLR Aleph) 007594440
090 _a5647271
_c5647271
100 _a20130115d1971 |||y0rusy50 ca
101 0 _arus
102 _aRU
105 _ay d |||||
200 1 _aИсследование структуры и динамики снижения себестоимости в судостроении
_e(Экон.-мат. моделирование)
_eАвтореф. дис. на соискание учен. степени канд. экон. наук
_e(594)
_fЛенингр. кораблестроит. ин-т
210 _aЛенинград
_d1971
215 _a16 с.
320 _aСписок работ авт.: с. 16 (5 назв.)
700 1 _aГудим-Левкович
_bТ.Э.
790 1 _aЛевкович
_bТ.Э.
801 0 _aRU
_bNLR
_gpsbo
801 1 _aRU
_bELAR
_2rusmarc
852 _aNLR
_j71-4/6092
942 _cBOOK